| 000 | 01019nam a2200241 a 4500 | ||
|---|---|---|---|
| 001 | 000006486 | ||
| 005 | 20240302073956.0 | ||
| 008 | 090831s1992 dr a 001 0 spa d | ||
| 040 |
_aDO-SdBNP _bspa _cBNPHU |
||
| 082 |
_a923.57293 _bG633G |
||
| 100 | 1 |
_aGarcía Domínguez, Bernardo _917968 |
|
| 245 | 1 | 3 |
_aEl pensamiento vivo de Máximo Gómez / _cBernardo García Domínguez ; prólogo Víctor Eddy Ruiz B. |
| 260 |
_aSanto Domingo : _bCentro Dominicano de Estudios de Educación: _bCasa del Caribe de Santiago de Cuba, _c1992. |
||
| 300 |
_a2 v. : _bil. ; _c22 cm. |
||
| 490 | 1 | _aInvestigación e identidad | |
| 504 | _aIncluye referencias bibiográficas y notas al pie de las páginas. | ||
| 600 | 1 | 0 |
_aGómez, Máximo, _d1836-1905 _912249 |
| 651 | 1 |
_aCuba _xHistoria _yGUERRA DE INDEPENDENCIA, 1895-1898 _911019 |
|
| 651 | 4 |
_aRepública Dominicana _xHistoria _9170 |
|
| 700 | 1 |
_aRuiz B., Víctor Eddy, _epról. _912774 |
|
| 830 | 0 |
_aInvestigación e identidad _917969 |
|
| 910 | _aValidado. Control de calidad. MMOLINA | ||
| 999 |
_c6277 _d6277 |
||